Labour costs and the size of government (Registro nro. 49552)
[ vista simple ]
| 000 -CABECERA | |
|---|---|
| Longitud fija campo de control | 01292naa a2200325 c 4500 |
| 001 - NÚMERO DE CONTROL | |
| Número de control | 49552 |
| 003 - IDENTIFICADOR DE NÚMERO DE CONTROL | |
| Identificador del número de control | ES-MaCES |
| 005 - FECHA Y HORA DE LA ÚLTIMA TRANSACCIÓN | |
| Fecha y hora de la última transacción | 20170615111748.0 |
| 008 - CAMPO FIJO DE DESCRIPCIÓN FIJA--INFORMACIÓN GENERAL | |
| Códigos de información de longitud fija | 170615s2017 uk ||||| t||||||| ||eng d |
| 040 ## - FUENTE DE CATALOGACIÓN | |
| Centro catalogador de origen | ES-MaCES |
| Lengua de catalogación | spa |
| Centro transcriptor | ES-MaCES |
| Centro modificado | ES-MaCES |
| 100 1# - ENCABEZAMIENTO PRINCIPAL--NOMBRE PERSONAL | |
| 9 (RLIN) | 11561 |
| Nombre de persona | Facchini, François |
| 245 10 - MENCIÓN DE TÍTULO | |
| Título | Labour costs and the size of government |
| Mención de responsabilidad, etc. | François Facchini, Mickael Melki, Andrew Pickering |
| 500 ## - NOTA GENERAL | |
| Nota general | Resumen |
| 504 ## - NOTA DE BIBLIOGRAFÍA, ETC. | |
| Nota de bibliografía, etc. | Bibliografía: p. 273-275 |
| 650 #4 - ASIENTO SECUNDARIO DE MATERIA--TÉRMINO DE MATERIA | |
| 9 (RLIN) | 27210 |
| Término de materia o nombre geográfico como elemento inicial | gobierno |
| 650 #4 - ASIENTO SECUNDARIO DE MATERIA--TÉRMINO DE MATERIA | |
| 9 (RLIN) | 29508 |
| Término de materia o nombre geográfico como elemento inicial | organismo gubernamental |
| 650 #4 - ASIENTO SECUNDARIO DE MATERIA--TÉRMINO DE MATERIA | |
| 9 (RLIN) | 29802 |
| Término de materia o nombre geográfico como elemento inicial | desarrollo institucional |
| 650 #4 - ASIENTO SECUNDARIO DE MATERIA--TÉRMINO DE MATERIA | |
| 9 (RLIN) | 27196 |
| Término de materia o nombre geográfico como elemento inicial | organización institucional |
| 650 #4 - ASIENTO SECUNDARIO DE MATERIA--TÉRMINO DE MATERIA | |
| 9 (RLIN) | 28283 |
| Término de materia o nombre geográfico como elemento inicial | coste de la mano de obra |
| 650 #4 - ASIENTO SECUNDARIO DE MATERIA--TÉRMINO DE MATERIA | |
| 9 (RLIN) | 29463 |
| Término de materia o nombre geográfico como elemento inicial | tasa de actividad de mano de obra |
| 650 #4 - ASIENTO SECUNDARIO DE MATERIA--TÉRMINO DE MATERIA | |
| 9 (RLIN) | 29055 |
| Término de materia o nombre geográfico como elemento inicial | país de la OCDE |
| 650 #4 - ASIENTO SECUNDARIO DE MATERIA--TÉRMINO DE MATERIA | |
| 9 (RLIN) | 27074 |
| Término de materia o nombre geográfico como elemento inicial | modelo económico |
| 650 #4 - ASIENTO SECUNDARIO DE MATERIA--TÉRMINO DE MATERIA | |
| 9 (RLIN) | 28889 |
| Término de materia o nombre geográfico como elemento inicial | análisis estadístico |
| 653 10 - TÉRMINO DE INDEXACIÓN--NO CONTROLADO | |
| Término no controlado | Economía |
| 700 1# - ENCABEZAMIENTO SECUNDARIO--NOMBRE PERSONAL | |
| 9 (RLIN) | 38283 |
| Nombre de persona | Melki, Mickael |
| 700 1# - ENCABEZAMIENTO SECUNDARIO--NOMBRE PERSONAL | |
| 9 (RLIN) | 38284 |
| Nombre de persona | Pickering, Andrew |
| 773 0# - ENTRADA DE DOCUMENTO FUENTE | |
| Itemnumber del ítem fuente | 85956 |
| Lugar, editor y fecha de publicación | Oxford (Cowley Road, 108, OX4 1JF) Cambridge (Main Street,238, Suite 501, MA 02142) Blackwell |
| Otro identificador del documento | 088854 |
| Título | Oxford bulletin of Economics and Statistics |
| Número de control del registro relacionado | (ES-MaCES)25201 |
| Parte(s) relacionada(s) | vol. 79, no 2 (Apr. 2017) {10185 R. 088854} ;p. 251-275 |
| 902 ## - CES. TIPO DE DOCUMENTO | |
| Tipodoc (006$c Sirtex) | ART Artículo de revista |
| 942 ## - ELEMENTOS KOHA | |
| Fuente de clasificaión o esquema | Clasificación propia del CES |
| Koha [por defecto] tipo de item | Artículos (1982-2017) |
| Parte de clasificación | Economía |
No hay ítems disponibles.
